1646 1725 1686 1020 1050 1029 1748 1966 1069 1573 1861 1932 1659 1580 1371 1149 1983 1137 1911 1967 1369 1469 1033 1563 1507 1920 1764 1726 1551 1706 1238 1940 1729 1890 1234 1599 1852 1721 1502 1988 1420 1376 1759 1607 1409 1232 1167 1868 1248 1534 1614 1086 1199 1350 1091 1711 1246 1695 1189 1314 1614 1244 1718 1676 1870 1449 1342 1949 1343 1243 1638 1946 1040 1889 1943 1829 1749 1337 1185 1432 1222 1538 1417 1106 1787 1194 1303 1307 1781 1575 1398 1279 1476 1613 1628 1716 1927 1414 1741 BCNSPRNW ULIB Ver.6.0+V

เปลี่ยนเป็นภาษาไทย

Change to English
 แสดงรายละเอียดบรรณานุกรม
  กลับหน้าหลัก

Brief Record : Get Marc (ISO 2709) : E-mail record : QR code < ปิดหน้าต่าง
LEADER : 00000nam 2200000uu 4500
001    13399108888
003     ULIB
008    110316s||||||||th 000 0 tha d
020    9746438441
024    978974643445 ล.3
060 04 WY20.5^bส551ว 2548 ล.3
245 00 เอกสารการสอนชุดวิชาสารสนเทศและการวิจัยทางการพยาบาล หน่วยที่ 11-15=^bNursing informatics and nursing research /^cสาขาวิชาพยาบาลศาสตร์ มหาวิทยาลัยสุโขทัยธรรมาธิราช
246 30 สารสนเทศและการวิจัยทางการพยาบาล
246 31 Nursing informatics and nursing research
250    พิมพ์ครั้งที่ 3
260    นนทบุรี :^bสำนักพิมพ์มหาวิทยาลัยสุโขทัยธรรมาธิราช,^c2548
300    เล่ม 3= 242 หน้า :^bภาพประกอบ
500    "เอกสารการสอนชุดวิชา 51206 หน่วยที่ 1-5,6-10"--หน้าปกใน
500    สิ่งพิมพ์ของมหาวิทยาลัยสุโขทัยธรรมาธิราชสาขาวิชาพยาบาลศาสตร์
650  7 การพยาบาล^xวิจัย
650  7 สารสนเทศทางการพยาบาล
710 2  มหาวิทยาลัยสุโขทัยธรรมาธิราช. ^bสาขาวิชาพยาบาลศาสตร์
945    ^p170^l0^i017637
945    ^p170^l0^i017636
945    ^p170^l0^i018574
995    เกษร
999     ^aใช้งานได้ทุกระบบ
รายการนี้ยังไม่มีแท็ก
คุณยังไม่ได้ล็อกอิน คุณสามารถมีกิจกรรมร่วมกับเว็บไซต์ได้ แต่ต้องล็อกอินก่อน ::
  ล็อกอิน

รายการสื่อสารสนเทศ

ลำดับที่ ประเภท เลขเรียก/บาร์โค้ด สถานที่ สถานะ
- ไม่พบข้อมูล -

รายการใกล้เคียง
    หัวเรื่อง [สารสนเทศทางการพยาบาล]

BibComment


ยังไม่เคยถูกคอมเมนท์

คอมเมนท์ทรัพยากรรายการนี้
  คอมเมนท์: เอกสารการสอนชุดวิ..


 Copyright 2026. Bcnsprnw @Library